Návrh zostavy pre overovanie (kalibráciu) luxmetrov

Saved in:
Bibliographic Details
Main Author: Slávik, František (Author)
Other Authors: Dubnička, Roman (Thesis advisor)
Format: Manuscript Book
Language:Slovak
Published: 2015
Subjects:
Online Access:http://is.stuba.sk/zp/portal_zp.pl?podrobnosti=96925
Tags: Add Tag
No Tags, Be the first to tag this record!

MARC

LEADER 00000ntm a22000003a 4500
001 stuzp49551
003 SK-STU
005 20160719153321.0
007 ta
008 150427s2015----xo-----f-mn---000-0-slo-d
040 |a STU  |b slo 
041 0 |a slo 
100 1 |a Slávik, František  |u 032000  |4 aut  |U FEI Fakulta elektrotechniky a informatiky  |T FEI Ústav elektroenergetiky a aplikovanej elektrotechniky  |X 47644  |U E020  |Y 548  |7 47644 
242 0 1 |a Design of arrangement for verifying (calibration) of luxmeters  |y eng 
245 1 0 |a Návrh zostavy pre overovanie (kalibráciu) luxmetrov 
260 |c 2015 
300 |a 43 s., príl. 
650 4 |a Luxmeter  |2 slo 
650 4 |a Kalibrácia  |2 slo 
650 4 |a Overenie  |2 slo 
650 4 |a Etalón  |2 slo 
650 4 |a Luxmeter  |2 eng 
650 4 |a Verification  |2 eng 
650 4 |a Calibration  |2 eng 
650 4 |a Measurement standard  |2 eng 
700 1 |a Dubnička, Roman  |4 ths  |X 53309  |7 A000053309 
856 4 |u http://is.stuba.sk/zp/portal_zp.pl?podrobnosti=96925 
996 |b 284ER01754  |c E*Bc- 1754  |l EE32  |s P  |a 0  |w stuzp49551_0001 
SQL |a stuzp49551  |b DBP  |c SLO  |d Návrh zostavy pre overovanie (kalibráciu) luxmetrov  |e 47644  |f Slávik, František  |g 032000  |h 53309  |i Dubnička, Roman  |j 20150709  |k 76  |l 03  |m http://is.stuba.sk/zp/portal_zp.pl?podrobnosti=96925  |n B-ELT  |o 5.2.9. elektrotechnika